Panago Pizza Toppings Quiz Stats

 Plays Quiz not verified by Sporcle

Challenge
Share
Tweet
Embed
Score 0/36 Timer 03:00
0 Plays Today
Topping % Correct
Pepperoni
92.5%
Extra cheese
92.5%
Spicy Italian sausage
86.8%
Carmelized onions
86.8%
Canadian ham
83%
Green peppers
83%
Chorizo sausage
83%
Grilled chicken
81.1%
Black olives
79.2%
Green olives
79.2%
Tomatoes
79.2%
Fire-roasted tomatoes
79.2%
Side bacon
75.5%
Pineapple
75.5%
Sauteed mushrooms
75.5%
Ground beef
71.7%
Kalamata olives
71.7%
Red peppers
69.8%
Topping % Correct
Anchovies
60.4%
Baby spinach leaves
52.8%
Hot banana peppers
47.2%
Capicollo
37.7%
Roasted garlic
37.7%
Wild pink shrimp
37.7%
Genoa salami
35.8%
Jalapeno peppers
34%
Steak
28.3%
Yellow peppers
26.4%
Red onions
20.8%
Meatballs
17%
Zucchini
17%
Roasted sweet corn
17%
Eggplant
15.1%
Meat-free pepperoni
13.2%
Smoked oysters
7.5%
Fire-roasted portobello mushrooms
5.7%

You're not logged in!

Compare scores with friends on all Sporcle quizzes.
OR
Log In

You Might Also Like...

Show Comments

Extras

Created Nov 20, 2010SourceReportNominate
Tags:pizza, topping

Top Quizzes Today


Score Distribution

Your Account Isn't Verified!

In order to create a playlist on Sporcle, you need to verify the email address you used during registration. Go to your Sporcle Settings to finish the process.

Report this User

Report this user for behavior that violates our Community Guidelines.

Details: